It looks like you're offline.
Open Library logo
additional options menu

MARC record from Internet Archive

LEADER: 00601nam a2200217 a 4500
001 98160338
003 DLC
005 19980817150757.5
008 980615s1998 ag 000 1 spa
010 $a 98160338
020 $a950742914X
035 $a(AgBaFGC)gc 960669960000
040 $aDLC$cDLC
050 00 $aPQ7798.22.O352$bP75 1998
082 00 $a863$221
100 2 $aLojo de Beuter, María Rosa.
245 13 $aLa princesa federal /$cMaría Rosa Lojo.
250 $a1a. ed.
260 $aBuenos Aires :$bPlaneta,$cc1998.
300 $a229 p. ;$b22 cm.
600 10 $aRosas, Manuelita,$d1817-1898$xFiction.